| 000 | 00467nam a22001817a 4500 | ||
|---|---|---|---|
| 005 | 20230111112327.0 | ||
| 008 | 221220b |||||||| |||| 00| 0 eng d | ||
| 020 | _a9789383420926 | ||
| 041 | _aeng | ||
| 082 | _a612 MIT- A | ||
| 100 |
_aMITRA , SAMAR _97434 |
||
| 245 | _aANATOMY VOL-II: HEAD,NECK ,THROX , NERVOUS SYSTEM, EYEBALL | ||
| 250 | _a8th ed. | ||
| 260 |
_aKOLKATA _bACADMIC PUBLISHERS |
||
| 300 | _a360;P. | ||
| 650 |
_aBPT _96963 |
||
| 942 | _cBK | ||
| 999 |
_c8175 _d8173 |
||